000 00356nam a2200145Ia 4500
003 OSt
005 20240301111444.0
008 170524s9999 xx 000 0 und d
020 _a978-8179653548
040 _ciimtu meerut
100 _aHARI MOHAN
245 0 _aSAMACHAR FEATURE LEKHAN AVEM SAMPADAN KLA
260 _bN DELHI TAKSHSHILA
942 _2ddc
_c02
999 _c9270
_d9270